El Riñón. (Registro nro. 178)

Detalles MARC
000 -LEADER
fixed length control field 00775 am a2200229 a 4500
005 - FECHA ULTIMA MODIFICACION
control field 20240522104227.0
008 - CAMPO DE CONTROL (LIBRO)
fixed length control field 100325s1989||||ag a f |||| 001 0 spa d
020 ## - INTERNATIONAL STANDARD BOOK NUMBER
ISBN 9500602040
041 ## - CODIGO DE IDIOMA
Código de idioma del texto/pista de sonido o título separado spa
092 ## - SIGNATURA TOPOGRAFICA DEWEY LOCAL
número de clasificación 616.61
libristica 8
sección BRE
100 1# - ENTRADA PRINCIPAL--NOMBRE PERSONAL
Nombre personal Brenner, Barry M.
9 (RLIN) 418
245 #3 - TITULO PROPIAMENTE DICHO
Título El Riñón.
Subtítulo y Título paralelo T.2 /
Mención de responsabilidad y remanente de la transcripción de la portada Barry M. Brenner
250 ## - MENCION DE EDICION
Mención de edición 3a ed.
Mención de responsabilidad relacionada con la ed. Traducción Nora Meeroff ; Daniel Landes y Ubaldo Patrone
260 ## - PIE DE IMPRENTA
Lugar de publicación, distribución, etc Buenos Aires:
Nombre de la editorial, distribuidor, etc Editorial Médica Panamericana;
Fecha de publicación 1989.
300 ## - DESCRIPCION FISICA
Extension 1057-2111 p.
500 ## - NOTA GENERAL
Nota general Brenner, B. y Rector, F. C. (1989). El Riñón. T.2. (3a ed.). Buenos Aires : Editorial Médica Panamericana.
590 ## - NOTAS LOCALES (RLIN)
Nota local Donación Pablo Olavegogeascoechea, 2008
653 ## - TÉRMINO INDIZADO - PALABRAS CLAVES
Palabra clave Riñón
700 1# - ENTRADAS SECUNDARIAS - NOMBRE PERSONAL
Nombre personal Rector, Floyd C.
9 (RLIN) 419
930 ## - NUMERO DE INVENTARIO
Número de inventario 1944
942 ## - ADDED ENTRY ELEMENTS (KOHA)
Source of classification or shelving scheme Dewey Decimal Classification
Item type Libros
Existencias
Estado de retiro Existencia Fuente de clasificación Estado general No para prestamo Ubicación permanente ubicación actual Sala de ubicación Fecha de adquisición Total Checkouts Número de clasificación Código de barras Date last seen Número de ejemplar Price effective from Koha tipo de elemento (item) Public note Coded location qualifier
    Dewey Decimal Classification     Biblioteca Medicina Biblioteca Medicina Circulación 13/05/2011   616.61 8 BRE 1944 06/11/2014 ej.1 13/05/2011 Libros Hemeroteca 2022  

UNIVERSIDAD NACIONAL DEL COMAHUE
Biblioteca de la Facultad de Ciencias Médicas
Sede Toschi: Los Arrayanes y Av. Toschi, Cipolletti  - Rio Negro
Sede Los Tordos:  Yrigoyen al 2211, Cipolletti - Rio Negro 

Teléfono: 0299 - 4774707 int 25
Contacto: biblioteca@facimed.uncoma.edu.ar
© 2011 - 2026